000 00288nam a22001217a 4500
008 170629b xxu||||| |||| 00| 0 eng d
041 _aeng
080 _a82
100 _a22
101 _aGJL
245 _aTHE FLOWERING OF NEW ENGLAND 1815 1865
_cBROOKS.V.W
942 _2udc
_cBK
999 _c19458
_d19458